Lý thuyết và thực hành kế toán tài chính

Đã lưu trong:
Bibliografiske detaljer
Hovedforfatter: Nguyễn, Văn Công
Format: Bog
Sprog:Undetermined
Udgivet: H. Tài Chính 2003
Fag:
Tags: Tilføj Tag
Ingen Tags, Vær først til at tagge denne postø!
Thư viện lưu trữ: Trung tâm Học liệu Trường Đại học Cần Thơ
LEADER 00508nam a2200181Ia 4500
001 CTU_54091
008 210402s9999 xx 000 0 und d
020 |b 50000 
082 |a 657.3 
082 |b C455 
100 |a Nguyễn, Văn Công 
245 0 |a Lý thuyết và thực hành kế toán tài chính 
245 0 |c Nguyễn Văn Công 
260 |a H. 
260 |b Tài Chính 
260 |c 2003 
650 |a accounting 
980 |a Trung tâm Học liệu Trường Đại học Cần Thơ